| 000 | 00686nam a2200205Ia 4500 | ||
|---|---|---|---|
| 003 | GCL | ||
| 008 | 140319s9999 xx 000 0 ara d | ||
| 040 |
_aGCL / _cGCL |
||
| 082 | 0 | 4 |
_a791.43 _bم ا |
| 100 | 1 | _aمدكور ثابت | |
| 245 | 1 | 0 |
_aاوراق فى مشكلات اعادة التاريخ للسينما المصرية / _cمدكور ثابت |
| 260 |
_a[S.N] : _bاكاديمية الفنون ، _c1994 |
||
| 300 | _a382 ص | ||
| 490 |
_aاكاديمية الفنون وحدة الاصدارات سينما _v0 |
||
| 650 | 0 | 4 | _aمصر |
| 650 | 0 | 4 | _aالافلام السينمائية |
| 650 | 0 | 4 | _aالسينما |
| 650 | 0 | 4 | _aتاريخ ونقد |
| 942 |
_2ddc _cBK |
||
| 999 |
_c36097 _d36097 |
||